000 00197 a2200097 4500
001 4481
100 _aCotton
245 _aApplied electricity
260 _a
_bcleaver-Hume
_c
090 _c3679
_d3679
942 _aNUST-CAE
_cM
_c29768
999 _c239554
_d239554